“Never Gonna Give You Up,” lyrics - Statistics

General Stats
  • This quiz has been taken 147 times
  • The average score is 177 of 219
Answer Stats
Lyric % Correct
Never
99%
Up
98%
You
98%
Give
97%
A
96%
Do
96%
Gonna
96%
And
94%
Down
94%
Let
94%
I
91%
Around
90%
Desert
88%
Make
87%
Say
87%
Goodbye
86%
Cry
84%
Hurt
82%
So
82%
Run
81%
Tell
80%
We
80%
Lie
79%
To
79%
The
75%
I’m
74%
Know
73%
No
71%
Love
70%
How
69%
We’re
67%
Feeling
65%
Just
64%
Rules
64%
Strangers
63%
For
61%
Long
60%
Other
59%
It
58%
Wanna
57%
What
57%
Any
56%
Of
56%
Understand
56%
Guy
54%
Your
52%
Thinking
51%
This
51%
Been
50%
Each
50%
From
50%
Me
50%
On
50%
We’ve
49%
Wouldn’t
49%
Get
48%
Known
47%
Going
45%
You’re
45%
But
42%
Shy
42%
Gotta
41%
Play
41%
If
39%
Commitment’s
38%
Game
38%
Both
36%
Hearts
36%
See
36%
What’s
36%
Ask
35%
Don’t
35%
Aching
33%
Full
29%
Blind
28%
Ooh
28%
Inside
19%
No matching quizzes found
Score Distribution
Percent of People with Each Score
Percentile by Number Answered
Your Score History
You have not taken this quiz